02430cam a2200409 i 45000010009000000050017000090080041000260100015000670200026000820200024001080400033001320820020001651000026001852400038002112450107002492500012003562600069003683000043004375000024004805040031005046300027005356500066005626530025006286550021006539420020006749990017006949520134007119520134008459520134009799520133011139520118012469520130013649520145014949520130016399520133017699520118019021738914620140916133742.0120717t2013 xxka frb 001 0 eng d a2012944559 a9781446249178 (Cloth) a9781446249185 (pbk) aDLCbengerdacDLCdEG-ScBUE00222a005.55bFIE1 aField, Andy P.93607210aDiscovering statistics using SPSS10aDiscovering statistics using IBM SPSS statistics :band sex and drugs and rock 'n' roll /cAndy Field. a4th ed. aLondon :bSage,cc.2013e([Berlin] :fMohn Media Mohndruck Gmbh) axxxvi, 915 p. :bill. (col.) ;c28 cm. aIndex : p. 908-915. aBibliography : p. 899-907.00aSPSS for Windows94287 0aSocial sciencesxStatistical methodsxComputer programs99573 bPPhrmcSeptember2014 vtext book933728 2ddck005.55 FIE c18383d18355 00102ddc40708BaccahaMAINbMAINcLOWd2014-09-16ePurchaseg260.00l0o005.55 FIEp000036124r2025-07-15 00:00:00v325.00yNB 00102ddc40708BaccahaMAINbMAINcLOWd2014-09-16ePurchaseg260.00l0o005.55 FIEp000036125r2025-07-15 00:00:00v325.00yBB 00102ddc40708BaccahaMAINbMAINcLOWd2014-09-16ePurchaseg260.00l0o005.55 FIEp000036126r2025-07-15 00:00:00v325.00yBB 00102ddc40708BaccahaMAINbMAINcLOWd2014-09-16ePurchasel1m1o005.55 FIEp000036127r2025-07-15 00:00:00s2017-03-19yBB 00102ddc40708BaccahaMAINbMAINcLOWd2014-09-16ePurchasel0o005.55 FIEp000036128r2025-07-15 00:00:00yBB 00102ddc40708BaccahaMAINbMAINcLOWd2014-09-16ePurchasel2o005.55 FIEp000036129r2025-07-15 00:00:00s2019-06-13yBB 00102ddc40708BaccahaMAINbMAINcLOWd2014-09-16ePurchasel5m1o005.55 FIEp000036130q2018-09-24r2018-08-05 00:00:00s2018-08-05yBB 00102ddc40708BaccahaMAINbMAINcLOWd2014-09-16ePurchasel1o005.55 FIEp000036131r2025-07-15 00:00:00s2014-10-19yBB 00102ddc40708BaccahaMAINbMAINcLOWd2014-09-16ePurchasel1m1o005.55 FIEp000036132r2025-07-15 00:00:00s2016-04-04yBB 00102ddc40708BaccahaMAINbMAINcLOWd2014-09-16ePurchasel0o005.55 FIEp000036133r2025-07-15 00:00:00yBB